Un estadista argentino, (Nicolás Avellaneda) / (Record no. 130111)

MARC details
000 -LEADER
campo de control de longitud fija 00784nam a22002531 4500
001 - NÚMERO DE CONTROL
campo de control 130111
003 - IDENTIFICADOR DE NÚMERO DE CONTROL
campo de control ES-MaACL
005 - FECHA Y HORA DE LA ÚLTIMA TRANSACCIÓN
campo de control 20240227165502.0
007 - CAMPO FIJO DE DESCRIPCIÓN FÍSICA--INFORMACIÓN GENERAL
campo de control de longitud fija t|
008 - DATOS DE LONGITUD FIJA--INFORMACIÓN GENERAL
campo de control de longitud fija 070718q1915 sp ||||0| spa d
016 7# - NÚMERO DE CONTROL DE UNA AGENCIA BIBLIOGRÁFICA NACIONAL
Número de control cancelado/no válido IND9900848137
040 ## - FUENTE DE CATALOGACIÓN
Centro catalogador/agencia de origen M-BN
Lengua de catalogación spa
Centro/agencia transcriptor CDM
100 1# - ENTRADA PRINCIPAL--NOMBRE DE PERSONA
Nombre de persona Sola, Alfonso de.
9 (RLIN) 107040
245 13 - MENCIÓN DEL TÍTULO
Título Un estadista argentino, (Nicolás Avellaneda) /
Mención de responsabilidad, etc. prólogo de E. Gómez Carrillo.
260 ## - PUBLICACIÓN, DISTRIBUCIÓN, ETC.
Lugar de publicación, distribución, etc. Madrid :
Nombre del editor, distribuidor, etc. Suc. de Rivadeneyra,
Fecha de publicación, distribución, etc. [1915?]
300 ## - DESCRIPCIÓN FÍSICA
Extensión XVI, 335 p., 1 h. de lám ;
Dimensiones 18 cm.
490 1# - MENCIÓN DE SERIE
Mención de serie Colección Mercurio
500 ## - NOTA GENERAL
Nota general Retrato de Avellaneda.
700 1# - ENTRADA AGREGADA--NOMBRE PERSONAL
Nombre de persona Gómez Carrillo, Enrique,
Fechas asociadas al nombre 1873-1927
9 (RLIN) 57861
830 0# - PUNTO DE ACCESO ADICIONAL DE SERIE-TÍTULO UNIFORME
Título uniforme Colección Mercurio
9 (RLIN) 186800
852 ## - LOCALIZACIÓN
Ubicación ES-MaACL
Número de control de estantería G-1321
852 ## - LOCALIZACIÓN
Ubicación ES-MaACL
Número de control de estantería D-5183
Holdings
Estatus retirado Estado de pérdida Estado de daño No para préstamo Biblioteca de origen Biblioteca actual Ubicación en estantería Fecha de adquisición Fuente de adquisición Total de préstamos Signatura topográfica completa Código de barras Visto por última vez Precio de reemplazo Tipo de ítem Koha
        Biblioteca del Ateneo de Madrid Biblioteca del Ateneo de Madrid Sala Valle Inclán 17/01/2008     D-5183 901135480 23/02/2023 23/02/2023 Libro impreso
        Biblioteca del Ateneo de Madrid Biblioteca del Ateneo de Madrid Depósito 2 17/01/2008     G-1321 1135479 23/02/2023 23/02/2023 Libro impreso